| Tag |
First Indicator |
Second Indicator |
Subfields |
| LEADER |
00000cam a2200000 a 4500 |
| 001 |
in00001237706 |
| 005 |
20151003071848.0 |
| 008 |
950406s1995 nyua b 001 0 eng |
| 010 |
|
|
|a 95015035
|
| 020 |
|
|
|a 1558514368
|
| 035 |
|
|
|a (OCoLC)32389321
|
| 035 |
|
|
|9 AGT5327AM
|
| 040 |
|
|
|a DLC
|c DLC
|d TXA
|d UtOrBLW
|
| 049 |
|
|
|a TXAM
|
| 050 |
0 |
0 |
|a TK5105.5
|b .M55 1995
|
| 082 |
0 |
0 |
|a 004.6
|2 20
|
| 100 |
1 |
|
|a Miller, Mark,
|d 1955-
|
| 245 |
1 |
0 |
|a Internetworking :
|b a guide to network communications LAN to Lan, LAN to WAN /
|c Mark A. Miller.
|
| 250 |
|
|
|a 2nd ed.
|
| 264 |
|
1 |
|a New York :
|b M&T Books,
|c [1995]
|
| 264 |
|
4 |
|c ©1995
|
| 300 |
|
|
|a xxii, 530 pages :
|b illustrations ;
|c 24 cm.
|
| 336 |
|
|
|a text
|b txt
|2 rdacontent
|
| 337 |
|
|
|a unmediated
|b n
|2 rdamedia
|
| 338 |
|
|
|a volume
|b nc
|2 rdacarrier
|
| 490 |
1 |
|
|a The Network troubleshooting library
|
| 504 |
|
|
|a Includes bibliographical references and index.
|
| 650 |
|
0 |
|a Computer networks.
|
| 650 |
|
0 |
|a Local area networks (Computer networks)
|
| 650 |
|
0 |
|a Computer network protocols.
|
| 650 |
|
0 |
|a Internetworking (Telecommunication)
|
| 830 |
|
0 |
|a Network troubleshooting library.
|
| 999 |
|
|
|a MARS
|
| 999 |
f |
f |
|s 2c228c91-5aa8-3c76-a46c-d054d5c65018
|i bfd23f83-db6d-3040-89a5-49d203f5b15e
|t 0
|
| 952 |
f |
f |
|p ric
|a Texas A&M University
|b Rellis Campus
|c Joint Library Facility
|s JLF
|d Remote Storage
|t 0
|e TK5105.5 .M55 1995
|h Library of Congress classification
|i unmediated -- volume
|m A14819323967
|
| 998 |
f |
f |
|a TK5105.5 .M55 1995
|t 0
|l Remote Storage
|